000 00662nam a2200241Ia 4500
003 OSt
005 20220918174630.0
006 a|||||r|||| 00| 0
007 ta
008 220917b |||||||| |||| 00| 0 eng d
024 _a13,220
037 _cTextual
040 _aARTS
_cARTS
_beng
041 _2eng
_aeng
082 _aN2jM89, M2-;1 (P15)
100 _aBaumcer Bettina
_951150
245 0 _aRupa pratirupa Alice Boner Commemoration volume
260 _aNew Delhi
_bBiblia Impex Pvt Ltd
_c1982
300 _a212p.
_ccm.
650 _aARTS
942 _hN2jM89, M2-;1 (P15)
_cTEXL
_2CC
999 _c153987
_d153987